Normal view
MARC view
- Sistema Nervioso
Entry Materia
001 - NÚMERO DE CONTROL DEL REGISTRO
- campo de control: 2150
003 - IDENTIFICADOR DE NUMERO DE CONTROL
- campo de control: UPN
005 - FECHA Y HORA DE LA ÚLTIMA TRANSACCIÓN
- campo de control: 20240215152608.0
008 - DATOS DE LONGITUD FIJA
- campo de control de longitud fija: 240215n||acannaabn | ana |d
035 ## - NÚMERO DE CONTROL DEL SISTEMA
- Número de control del sistema: UPN10000002150
040 ## - FUENTE DE LA CATALOGACIÓN
- Lengua de catalogación: SPA
- Agencia de transcripción: UPN
- Centro catalogador de origen: MX-MxUPN
150 ## - ENCABEZAMIENTO - TEMÁTICO
- Término de materia o nombre geográfico como elemento inicial: Sistema Nervioso
- Subdivisión de materia general: Enfermedades
- Subdivisión de materia general: Diagnóstico
670 ## - FUENTE EN LA QUE SE LOCALIZARON DATOS
- Cita de la fuente: Library of Congress, 15 de febrero de 2024 :
- Información localizada: (Nervous system Diseases Diagnosis)
- Identificador Uniforme del Recurso: https://lccn.loc.gov/sh85090925
902 ## - CATALOGADOR
- Catalogador: MMA/230106
